Kesako ?! - Les figures de styles #1 - Statistiques

Statistiques générales
  • Ce quiz a été pris 6 fois
  • Le résultat moyen est 5 sur 20
Statistiques - réponses
Hint Réponse % Correct
Progression d’intensité des termes Gradation
100%
Construction en ordre croisé Chiasme
75%
Association de termes opposés Oxymore
75%
Exagération volontaire d’une idée Hyperbole
50%
Désignation par expression détournée Périphrase
50%
Répétition en début de phrase Anaphore
25%
Expression du contraire pensé Antiphrase
25%
Correction renforçant une idée Épanorthose
25%
Dire moins pour suggérer plus Litote
25%
Remplacement par lien logique Métonymie
25%
Reprise du dernier mot Anadiplose
0%
Répétition d’un mot polysémique Antanaclase
0%
Interruption soudaine d’une phrase Aposiopèse
0%
Suppression des mots de liaison Asyndète
0%
Rupture volontaire de grammaire Énallage
0%
Répétition au début et à la fin Épanadiplose
0%
Attribution déplacée d’un qualificatif Hypallage
0%
Ajout après fin attendue Hyperbate
0%
Remplacement par lien indirect Métalepse
0%
Mot commun à plusieurs éléments Zeugma
0%
Aucun quiz correspondant
Distribution des résultats
% des personnes avec chaque résultat
Percentile par nombre de réponses
Votre historique - résultats
Vous n’avez pas pris ce quiz